LEADER 00900nab a2200157 i 4500 001 000000285248 003 CaOOAMICUS 005 20180831165310.0 008 180831n xx uu u0 0und r 013 $a38674 040 $aSeMil$bita 245 13$aLe troppe «educazioni» (sessuale compresa) ; Quali conseguenze di una precoce attività sessuale tra gli adolescenti? ; L'idea di nazione tra storia e attualità :$bil «caso» italiano ; Scuola, Stato e «volontariato fiscale». - 112 p. 500 $a15 febbraio 1993. 773 0 $t1992-1993.$dBrescia : La Scuola, 1993.$w()239677 774 0 $tScuola e cultura.$w()324267 996 $6245$aLe troppe «educazioni» (sessuale compresa) ; Quali conseguenze di una precoce attività sessuale tra gli adolescenti? ; L'idea di nazione tra storia e attualità :$bil «caso» italiano ; Scuola, Stato e «volontariato fiscale». - 112 p.$9(OLS)http://semarc/title/366045 LEADER 00689naa a2200145 i 4500 001 000000296290 003 CaOOAMICUS 005 20180831172542.0 008 180831n xx u000 u und u 013 $a3741 040 $aSeMil$bita 100 1 $aPeres, Jacques-Noël.$0(OLS)http://semarc/name/20337 245 10$aDe la place des laïcs dans l'ordination dans les Églises luthériennes. 773 0 $aTriacca, Achille Maria $tOrdination et ministères.$dRoma : CLV Edizioni Liturgiche, copyr. 1996.$kBibliotheca Ephemerides Liturgicae. Subsidia$z88-86655-08-8$w()50255 996 $6245$aDe la place des laïcs dans l'ordination dans les Églises luthériennes$9(OLS)http://semarc/title/372346